Štúdium kinetiky procesov starnutia historických dokumentov vplyvom zlúčenín prechodných prvkov

Na minha lista:
Detalhes bibliográficos
Autor principal: Kovašičová, Zdenka
Formato: Livro
Idioma:inglês
Publicado em: Bratislava STU FCHPT 2006
Acesso em linha:View in OPAC
Tags: Adicionar Tag
Sem tags, seja o primeiro a adicionar uma tag!

MARC

LEADER 00000nam a2200000 a 4500
005 20260127134134.0
008 060607 2006 xo 000 0 eng d
035 |a vtls008772734 
039 9 |y 200606131116  |z mschk03 
040 |a STUSCHK1  |b slo  |c STUSCHK1  |e AACR2 
100 1 |a Kovašičová, Zdenka 
245 1 |a Štúdium kinetiky procesov starnutia historických dokumentov vplyvom zlúčenín prechodných prvkov 
260 |a Bratislava  |b STU FCHPT  |c 2006 
300 |a 66 s.  |b obr.,tab.,grafy, lit. + CD-ROM 
500 |a Obháj.: 7.6. 2006 
500 |a Špec.: Polymérne materiály 
500 |a Ústav polymérnych materiálov 
910 |a SCHK95 
999 |c 4968  |d 4968